Jogo limpo, diversão garantida (Record no. 13985)

MARC details
000 -LÍDER
campo de controle de tamanho fixo 00386 a2200157 4500
001 - NÚMERO DE CONTROLE
campo de controle 13985
020 ## - ISBN - INTERNATIONAL STANDARD BOOK NUMBER
ISBN - International Standard Book Number 9788534923545 (broch.)
040 ## - FONTE DA CATALOGAÇÃO
Instituição que transcreveu o registro Anchieta - Aquarius
100 ## - ENTRADA PRINCIPAL--NOME PESSOAL
Nome pessoal Grippo, Daniel.
240 10 - TÍTULO UNIFORME
Título uniforme Jogo limpo, diversão garantida
Idioma da obra por
245 10 - TÍTULO
Título Jogo limpo, diversão garantida
300 ## - DESCRIÇÃO FÍSICA
Extensão 69p.
362 0# - DATAS DE PUBLICAÇÃO E/OU DESIGNAÇÃO SEQUENCIAL
Datas de publicação e/ou designação sequencial 2013
650 #4 - ASSUNTO--TERMO TÓPICO
Cabeçalho tópico ou nome geográfico Literatura infanto-juvenil
942 ## - ELEMENTOS DE ENTRADA ADICIONADOS (KOHA)
Tipo de material Koha Livros
Holdings
Situação do descarte Situação das perdas Situação física Não pode ser emprestado Biblioteca de origem Biblioteca atual Data de aquisição Total de empréstimos Número de chamada completo Código de barras Data de último acesso Data do preço efetivo Tipo de material Koha
        Colégio Anchieta - Aquarius Colégio Anchieta - Aquarius 21/11/2023   028.5 GRI JOG 5646/AQU 21/11/2023 21/11/2023 Livros
        Colégio Anchieta - Bela Vista Colégio Anchieta - Bela Vista 21/11/2023   028.5 G868j GRI JOG 4248/BEL 21/11/2023 21/11/2023 Livros
        Colégio São Paulo Colégio São Paulo 21/11/2023   028.5 GRI JOG 3306/ITA 21/11/2023 21/11/2023 Livros